UNDERCOVER HOW I WENT FROM COMPANY MAN T (Record no. 31470)

MARC details
000 -LEADER
fixed length control field 00344nam a2200133Ia 4500
008 - FIXED-LENGTH DATA ELEMENTS--GENERAL INFORMATION
fixed length control field 240624s9999 xx 000 0 und d
041 ## - LANGUAGE CODE
Language code of text/sound track or separate title eng
082 ## - DEWEY DECIMAL CLASSIFICATION NUMBER
Classification number 364.163 SCH
100 ## - MAIN ENTRY--PERSONAL NAME
Personal name SCHILLING JOHN W
245 ## - TITLE STATEMENT
Title UNDERCOVER HOW I WENT FROM COMPANY MAN T
260 ## - PUBLICATION, DISTRIBUTION, ETC.
Date of publication, distribution, etc. 2008
Place of publication, distribution, etc. New York
Name of publisher, distributor, etc. Amacom
300 ## - PHYSICAL DESCRIPTION
Extent xiii, 288 p.; 23 cm.
365 ## - TRADE PRICE
Currency code
Price amount 35
Holdings
Withdrawn status Lost status Damaged status Not for loan Home library Current library Shelving location Date acquired Cost, normal purchase price Full call number Barcode Date last seen Copy number Price effective from Koha item type
        IMTN IMTN Rack 16-A 04/01/2019 24.00 364.163 SCH 31470 06/24/2024 74.8 06/24/2024 Books
Designed & Maintained by: LRC IMT Nagpur Contact: lrc@imtnag.ac.in© 2024. All Rights Reserved.